MARC

LEADER 00000nam0a2200000 4500
001 148435
005 20231031145449.0
010 |a 5283038211 
020 |a RU  |b 92-26547 
035 |a (RuTPU)RU\TPU\book\160915 
090 |a 148435 
100 |a 20081202d1992 km a0rusy5003 ca 
101 0 |a rus 
102 |a RU 
105 |a a z 001zy 
200 1 |a Парогенераторы атомных электростанций  |f Л. Ф. Федоров, В. Ф. Титов, Н. Г. Рассохин 
210 |a Москва  |c Энергоатомиздат  |d 1992 
215 |a 412,[2] с.  |c ил.  |d 21 см 
320 |a Библиогр.: с. 408-411. (85 назв.) 
610 1 |a атомные электрические станции 
610 1 |a ядерные энергетические установки 
610 1 |a паросиловое оборудование 
610 1 |a парогенераторы 
610 1 |a атомные электростанции 
610 1 |a пар 
610 1 |a генерация 
610 1 |a конструкция 
610 1 |a изготовление 
610 1 |a контроль 
610 1 |a качество 
675 |a 621.311.25:621.039.002.5  |z rus 
700 1 |a Федоров  |b Л. Ф.  |g Леонид Факеевич  |4 070 
701 1 |a Титов  |b В. Ф.  |g Валентин Филиппович 
701 1 |a Рассохин  |b Н. Г.  |g Николай Георгиевич 
801 0 |a RU  |b RuMRKP  |c 19950417  |g psbo 
801 1 |a RU  |b 63413507  |c 20081202  |g PSBO 
801 2 |a RU  |b 63413507  |c 20190625  |g PSBO 
900 |a Парогенераторы АЭС 
942 |c BK